Η κουλτούρα των μέσων : μαζική κοινωνία και πολιτιστική βιομηχανία
Αποθηκεύτηκε σε:
| Άλλοι συγγραφείς: | , |
|---|---|
| Μορφή: | Βιβλίο |
| Γλώσσα: | Greek German English French |
| Δημοσίευση: |
Αθήνα :
Αλεξάνδρεια,
1991.
|
| Έκδοση: | 3η εκδ. |
| Σειρά: | Συνθέσεις ;
2 |
| Θέματα: | |
| Ετικέτες: |
Προσθήκη ετικέτας
Δεν υπάρχουν, Καταχωρήστε ετικέτα πρώτοι!
|
MARC
| LEADER | 00000cam a2200000 i 4500 | ||
|---|---|---|---|
| 001 | 1/17727 | ||
| 008 | 010301s1991 gr | ||| |||| ||gre|| | ||
| 020 | |a 9602210362 | ||
| 035 | |l 10066241 | ||
| 040 | |a GR-MyUa |b gre |e AACR2 | ||
| 041 | 1 | |a gre |h ger |h eng |h fre | |
| 082 | 7 | |a 306.4 |2 (22) | |
| 245 | 0 | 2 | |a Η κουλτούρα των μέσων : |b μαζική κοινωνία και πολιτιστική βιομηχανία / |c σύνθεση και επιμέλεια τόμου Κώστας Λιβιεράτος, Τάκης Φραγκούλης ; μετάφραση Αμίκα Λυκιαρδοπούλου ... [κ. ά.]. |
| 250 | |a 3η εκδ. | ||
| 260 | |a Αθήνα : |b Αλεξάνδρεια, |c 1991. | ||
| 300 | |a 301 σ. : |b εικ. ; |c 21 εκ. | ||
| 490 | 1 | |a (Συνθέσεις ; |v 2) | |
| 500 | |a Το βιβλίο περιέχει κείμενα των: Kraus, Macdonald, Adorno, Arendt, Shils, Parsons, Willliams, Morin, Baudrillard και αποσπάσματα των: Rousseau, d' Alembert, Arnold, Nietzsche, Baudelaire, Benjamin, Horkheimer, Eco, Sontag | ||
| 650 | 0 | |a Mass media. | |
| 650 | 0 | |a Popular culture. | |
| 650 | 0 | |a Culture. | |
| 700 | 1 | |a Λιβιεράτος, Κώστας, |e edt | |
| 700 | 1 | |a Φραγκούλης, Τάκης, |e edt | |
| 830 | 0 | |a Συνθέσεις ; |v 2 | |
| 852 | |a INST |b RHODES |e 20060123 |h 306.4 ΚΟΥ |p 005400021547 |q 005400021547 |t BK |y 0 | ||
| 852 | |a INST |b SYROS |e 20010301 |h 306.4 ΚΟΥ |p 005500001390 |q 005500001390 |t BK |y 0 | ||
| 901 | |a BIBL5-2001-1 | ||
| 901 | |a BIBL4-2006-1 | ||
| 970 | |a Σιδέρη |b Νεκταρία |z 23/01/2006 | ||